Characterization of carbon thin films prepared by the thermal decomposition of spin coated polyacrylonitrile layers containing metal acetates

Elmentve itt :
Bibliográfiai részletek
Szerzők: Darányi Mária
Sarusi István
Sápi András
Kukovecz Ákos
Kónya Zoltán
Erdőhelyi András
Dokumentumtípus: Cikk
Megjelent: 2011
Sorozat:Thin Solid Films 520 No. 1
doi:10.1016/j.tsf.2011.06.040

mtmt:1955258
Online Access:http://publicatio.bibl.u-szeged.hu/1663
LEADER 00927nab a2200253 i 4500
001 publ1663
005 20180716155748.0
008 120928s2011 hu o 0|| angol d
022 |a 00406090 
024 7 |a 10.1016/j.tsf.2011.06.040  |2 doi 
024 7 |a 1955258  |2 mtmt 
040 |a SZTE Publicatio Repozitórium  |b hun 
041 |a angol 
100 1 |a Darányi Mária 
245 1 0 |a Characterization of carbon thin films prepared by the thermal decomposition of spin coated polyacrylonitrile layers containing metal acetates  |h [elektronikus dokumentum] /  |c  Darányi Mária 
260 |c 2011 
300 |a 57-63 
490 0 |a Thin Solid Films  |v 520 No. 1 
700 0 1 |a Sarusi István  |e aut 
700 0 1 |a Sápi András  |e aut 
700 0 1 |a Kukovecz Ákos  |e aut 
700 0 1 |a Kónya Zoltán  |e aut 
700 0 1 |a Erdőhelyi András  |e aut 
856 4 0 |u http://publicatio.bibl.u-szeged.hu/1663/1/ThinSolidFilms520%282011%2957.pdf  |z Dokumentum-elérés